[Event "Regionalliga SO 1617 (Women)"]
[Site "Germany"]
[Date "2017.02.12"]
[Round "4.1"]
[White "Brand, Kathrin"]
[Black "Oltmanns, Bianca"]
[Result "1/2-1/2"]
[WhiteElo "1896"]
[BlackElo "1774"]
[PlyCount "65"]
[EventDate "2016.10.23"]
[EventType "team-tourn"]
[EventRounds "5"]
[EventCountry "GER"]
[SourceTitle "EXT 2018"]
[Source "ChessBase"]
[SourceDate "2017.10.13"]
[SourceVersion "1"]
[SourceVersionDate "2017.10.13"]
[SourceQuality "1"]
[WhiteTeam "Chemnitz Aufbau (W)"]
[BlackTeam "Chemnitz USG (W)"]
[WhiteTeamCountry "GER"]
[BlackTeamCountry "GER"]

1. b3 e6 2. e3 Nf6 3. Bb2 Be7 4. Nf3 d5 5. d4 c5 6. Nbd2 Nc6 7. c4 b6 8. Be2 0-0 9. 0-0 Ba6 10. Rc1 Rc8 11. cxd5 Bxe2 12. Qxe2 exd5 13. Rfd1 Na5 14. Ne5 Qd6 15. Nef3 Qe6 16. Re1 Ne4 17. Nxe4 Qxe4 18. Nd2 Qe6 19. e4 Nc6 20. exd5 Qxd5 21. dxc5 Bxc5 22. Nc4 Qf5 23. Rcd1 Rc7 24. Nd6 Qg6 25. Nc4 Re7 26. Qf3 Rfe8 27. Rxe7 Nxe7 28. Ne5 Qf5 29. Qxf5 Nxf5 30. Kf1 f6 31. Nc6 a5 32. g4 Nd6 33. Bd4 1/2-1/2

[Event "GER-chT U20 Girls"]
[Site "Osnabrueck"]
[Date "2015.12.30"]
[Round "7.3"]
[White "Koenze, Heike"]
[Black "Oltmanns, Bianca"]
[Result "1/2-1/2"]
[WhiteElo "1679"]
[BlackElo "1569"]
[PlyCount "74"]
[EventDate "2015.12.27"]
[EventType "team-swiss"]
[EventRounds "7"]
[EventCountry "GER"]
[SourceTitle "EXT 2017"]
[Source "ChessBase"]
[SourceDate "2016.10.25"]
[SourceVersion "1"]
[SourceVersionDate "2016.10.25"]
[SourceQuality "1"]
[WhiteTeam "Grimma"]
[BlackTeam "Chemnitz USG"]
[WhiteTeamCountry "GER"]
[BlackTeamCountry "GER"]

1. e4 e6 2. d4 d5 3. Nc3 dxe4 4. Nxe4 Nd7 5. Nf3 Ngf6 6. Bd3 Nxe4 7. Bxe4 Nf6 8. Qe2 a6 9. Bg5 Be7 10. h3 0-0 11. Bxf6 Bxf6 12. 0-0-0 Qe7 13. g4 c5 14. h4 Rd8 15. dxc5 Qxc5 16. Rxd8+ Bxd8 17. Qd3 Bb6 18. Bxh7+ Kf8 19. Rf1 Ke7 20. Be4 Bd7 21. Rd1 Bb5 22. Qd4 Rd8 23. Qxc5+ Bxc5 24. Rxd8 Kxd8 25. Bxb7 Bxf2 26. a4 Bxa4 27. Bxa6 f6 28. Bb7 e5 29. g5 Kc7 30. gxf6 gxf6 31. Be4 Be8 32. Kd2 Kd6 33. c4 Ke6 34. Ke2 Bg3 35. Bd5+ Kd6 36. b4 f5 37. Bb7 Bh5 1/2-1/2

[Event "GER-chT U20 Girls"]
[Site "Osnabrueck"]
[Date "2015.12.28"]
[Round "3.3"]
[White "Oltmanns, Bianca"]
[Black "Neisius, Laura Maria"]
[Result "0-1"]
[WhiteElo "1569"]
[BlackElo "1463"]
[PlyCount "138"]
[EventDate "2015.12.27"]
[EventType "team-swiss"]
[EventRounds "7"]
[EventCountry "GER"]
[SourceTitle "EXT 2017"]
[Source "ChessBase"]
[SourceDate "2016.10.25"]
[SourceVersion "1"]
[SourceVersionDate "2016.10.25"]
[SourceQuality "1"]
[WhiteTeam "Chemnitz USG"]
[BlackTeam "Freiburg Zaehringen"]
[WhiteTeamCountry "GER"]
[BlackTeamCountry "GER"]

1. e4 e6 2. d4 d5 3. e5 c5 4. c3 Nc6 5. Be2 Bd7 6. Nf3 Qb6 7. 0-0 Nge7 8. Na3 a6 9. Nc2 Ng6 10. Rb1 Qc7 11. Bd3 Be7 12. Ng5 c4 13. Bxg6 hxg6 14. Qg4 f5 15. Qg3 Bxg5 16. Qxg5 Ne7 17. Ne1 Rh5 18. Qd2 Bb5 19. Nf3 Kd7 20. Qc2 a5 21. Bg5 Rf8 22. Qd2 Kc8 23. Rfc1 Rfh8 24. b3 Ng8 25. bxc4 Qxc4 26. Rb2 Qd3 27. Qxd3 Bxd3 28. Rb6 Be4 29. h4 Nh6 30. Rxe6 Nf7 31. Bf4 Bxf3 32. gxf3 Rxh4 33. Re7 Nd8 34. Bd2 Rh1+ 35. Kg2 R1h2+ 36. Kg1 Rh1+ 37. Kg2 R1h2+ 38. Kg3 R8h3+ 39. Kf4 Rxf2 40. Rxg7 Rhxf3+ 41. Kg5 Ne6+ 42. Kf6 Nxg7 43. Kxg7 Rxd2 44. Kxg6 Rxa2 45. Re1 Rff2 46. Kf7 Kd8 47. e6 Rae2 48. e7+ Rxe7+ 49. Rxe7 Kc8 50. Re5 Kc7 51. Rxd5 b6 52. Re5 a4 53. d5 a3 54. Re7+ Kd6 55. c4 a2 56. Ra7 Ke5 57. Ke7 Rd2 58. d6 Rxd6 59. Rxa2 Rc6 60. Rc2 f4 61. Kd7 Rc5 62. Rb2 Rxc4 63. Rxb6 f3 64. Re6+ Kf4 65. Kd6 f2 66. Kd5 Ra4 67. Rf6+ Kg3 68. Rg6+ Rg4 69. Rf6 Kg2 0-1

[Event "GER-chT U20 Girls"]
[Site "Naumburg Saale"]
[Date "2014.12.28"]
[Round "4.3"]
[White "Oltmanns, Bianca"]
[Black "Henke, Hanna"]
[Result "1-0"]
[WhiteElo "1617"]
[BlackElo "1277"]
[PlyCount "41"]
[EventDate "2014.12.27"]
[EventType "team-swiss"]
[EventRounds "7"]
[EventCountry "GER"]
[SourceTitle "EXT 2016"]
[Source "ChessBase"]
[SourceDate "2015.10.08"]
[SourceVersion "1"]
[SourceVersionDate "2015.10.08"]
[SourceQuality "1"]
[WhiteTeam "Chemnitz USG"]
[BlackTeam "Karlsruhe"]
[WhiteTeamCountry "GER"]
[BlackTeamCountry "GER"]

1. e4 c5 2. Nf3 d6 3. d4 cxd4 4. Nxd4 Nf6 5. Nc3 g6 6. f3 Bg7 7. Be3 0-0 8. Bc4 Nc6 9. Qd2 Bh8 10. 0-0-0 a5 11. g4 Ne5 12. Bb3 Bd7 13. a3 Qb8 14. h4 b5 15. h5 b4 16. hxg6 bxc3 17. gxh7+ Nxh7 18. Qh2 cxb2+ 19. Kb1 Kg7 20. Qh6+ Kg8 21. Qxh7# 1-0

[Event "Sachsen-ch U16 Girls"]
[Site "Sebnitz"]
[Date "2013.04.03"]
[Round "2"]
[White "Gaul, Lisa Marie"]
[Black "Oltmanns, Bianca"]
[Result "0-1"]
[WhiteElo "1243"]
[BlackElo "1437"]
[PlyCount "54"]
[EventDate "2013.04.02"]
[EventType "swiss"]
[EventRounds "7"]
[EventCountry "GER"]
[SourceTitle "EXT 2014"]
[Source "ChessBase"]
[SourceDate "2013.11.20"]
[SourceVersion "1"]
[SourceVersionDate "2013.11.20"]
[SourceQuality "1"]

1. e4 e6 2. d4 d5 3. exd5 exd5 4. Nc3 c6 5. Nf3 Bd6 6. Bd3 Bg4 7. Be3 Ne7 8. Be2 Nd7 9. Na4 0-0 10. Nd2 Bf5 11. c4 dxc4 12. Nxc4 Bc7 13. Nc5 Rb8 14. Bd3 Re8 15. 0-0 Nb6 16. b3 Nbd5 17. Qf3 Qc8 18. Ne5 f6 19. Bxf5 Nxf5 20. Ng4 h5 21. Nxf6+ Nxf6 22. Rfe1 Nh4 23. Qd1 Qg4 24. Qxg4 Nxg4 25. Nd3 Bxh2+ 26. Kh1 Bd6 27. g3 Nf3 0-1

[Event "Sachsen-ch U16 Girls"]
[Site "Sebnitz"]
[Date "2013.04.02"]
[Round "1"]
[White "Oltmanns, Bianca"]
[Black "Halas, Lena"]
[Result "1-0"]
[WhiteElo "1437"]
[BlackElo "1702"]
[PlyCount "95"]
[EventDate "2013.04.02"]
[EventType "swiss"]
[EventRounds "7"]
[EventCountry "GER"]
[SourceTitle "EXT 2014"]
[Source "ChessBase"]
[SourceDate "2013.11.20"]
[SourceVersion "1"]
[SourceVersionDate "2013.11.20"]
[SourceQuality "1"]

1. e4 c6 2. d4 d5 3. e5 Bf5 4. Nc3 e6 5. g4 Bg6 6. Nge2 Ne7 7. Be3 Nd7 8. h4 h5 9. Nf4 Qa5 10. Nxh5 c5 11. Nf4 Bh7 12. Qd2 Nc6 13. Bb5 Qb6 14. 0-0-0 0-0-0 15. Rhe1 cxd4 16. Bxd4 Nxd4 17. Qxd4 Bc5 18. Qd2 Bxf2 19. Re2 Bxh4 20. Kb1 Bg5 21. Nfxd5 Bxd2 22. Nxb6+ Nxb6 23. Rexd2 Rxd2 24. Rxd2 Bg6 25. b3 Rh1+ 26. Kb2 Re1 27. Re2 Rg1 28. Ne4 Rxg4 29. Nd6+ Kb8 30. Rf2 Rg5 31. Nxf7 Bxf7 32. Rxf7 Rxe5 33. Bd3 g5 34. Rg7 Nd5 35. a3 Nf4 36. Bh7 Nh5 37. Rg6 Nf4 38. Rg7 Nh3 39. Kc3 Re3+ 40. Kd4 Re2 41. Kc5 Rd2 42. Be4 Kc8 43. Bxb7+ Kd8 44. Be4 Nf2 45. Bh7 Rd5+ 46. Kc6 a5 47. c4 Re5 48. Kd6 1-0

[Event "GER-chT U20 Girls"]
[Site "Osnabrueck"]
[Date "2012.12.27"]
[Round "1.3"]
[White "Oltmanns, Bianca"]
[Black "Sturm, Johanna"]
[Result "1/2-1/2"]
[WhiteElo "1642"]
[BlackElo "1430"]
[PlyCount "84"]
[EventDate "2012.12.27"]
[EventType "team-swiss"]
[EventRounds "7"]
[EventCountry "GER"]
[SourceTitle "EXT 2014"]
[Source "ChessBase"]
[SourceDate "2013.11.20"]
[SourceVersion "1"]
[SourceVersionDate "2013.11.20"]
[SourceQuality "1"]
[WhiteTeam "Chemnitz USG"]
[BlackTeam "Fritzdorf Gruen Weiss"]
[WhiteTeamCountry "GER"]
[BlackTeamCountry "GER"]

1. e4 e5 2. Nf3 Nc6 3. Bb5 d6 4. d4 Bd7 5. 0-0 a6 6. Ba4 Nf6 7. Nc3 Be7 8. Re1 b5 9. Bb3 0-0 10. a3 Bg4 11. Be3 Bxf3 12. gxf3 exd4 13. Bxd4 Nxd4 14. Qxd4 Qd7 15. Qe3 Nh5 16. Kh1 Bh4 17. Rg1 Kh8 18. Rad1 Rae8 19. Nd5 f5 20. Rd2 Nf6 21. Nc3 Qe7 22. Re1 fxe4 23. fxe4 Ng4 24. Qd3 Nxf2+ 25. Rxf2 Rxf2 26. Rg1 Ref8 27. Qh3 Qf6 28. Nd5 Qf3+ 29. Qxf3 R8xf3 30. Nxc7 Bf6 31. Rg2 Bxb2 32. Rxf2 Rxf2 33. Nxa6 Bxa3 34. Nc7 b4 35. Nb5 Bb2 36. Nxd6 g6 37. e5 Bxe5 38. Nf7+ Rxf7 39. Bxf7 Kg7 40. Bb3 Kf6 41. Kg2 g5 42. h3 h5 1/2-1/2

[Event "Sachsen-ch U16 Girls"]
[Site "Sebnitz"]
[Date "2012.04.12"]
[Round "4"]
[White "Oltmanns, Bianca"]
[Black "Dorn, Franziska"]
[Result "1-0"]
[WhiteElo "1426"]
[BlackElo "1192"]
[PlyCount "43"]
[EventDate "2012.04.10"]
[EventType "swiss"]
[EventRounds "6"]
[EventCountry "GER"]
[SourceTitle "CBM 148 Extra"]
[Source "ChessBase"]
[SourceDate "2012.06.22"]
[SourceVersion "1"]
[SourceVersionDate "2012.06.22"]
[SourceQuality "1"]

1. e4 c6 2. d4 d5 3. Nd2 dxe4 4. Nxe4 Nd7 5. Nf3 Ngf6 6. Nxf6+ Nxf6 7. Bd3 g6 8. h3 Bg7 9. c3 0-0 10. 0-0 Re8 11. Re1 Bd7 12. Bg5 h6 13. Bd2 Kh7 14. Qc2 Kg8 15. Ne5 g5 16. Re2 b6 17. Rae1 e6 18. Rf1 Kf8 19. f4 gxf4 20. Bxf4 Ng8 21. Ng6+ fxg6 22. Bd6# 1-0

[Event "Sachsen-ch U16 Girls"]
[Site "Sebnitz"]
[Date "2012.04.10"]
[Round "1"]
[White "Schille, Anika"]
[Black "Oltmanns, Bianca"]
[Result "0-1"]
[WhiteElo "1127"]
[BlackElo "1426"]
[PlyCount "88"]
[EventDate "2012.04.10"]
[EventType "swiss"]
[EventRounds "6"]
[EventCountry "GER"]
[SourceTitle "CBM 148 Extra"]
[Source "ChessBase"]
[SourceDate "2012.06.22"]
[SourceVersion "1"]
[SourceVersionDate "2012.06.22"]
[SourceQuality "1"]

1. d4 d5 2. c4 c6 3. Nc3 Nf6 4. Nf3 dxc4 5. e4 b5 6. Be2 e6 7. Bg5 Be7 8. 0-0 0-0 9. a3 Bb7 10. Ne5 Nxe4 11. Bxe7 Nxc3 12. Bxd8 Nxd1 13. Rfxd1 Rxd8 14. Bf3 f6 15. Ng4 Nd7 16. Ne3 Nb6 17. Rac1 Rd6 18. b3 cxb3 19. Rb1 Rad8 20. Rxb3 Rxd4 21. Rc1 e5 22. h3 e4 23. Bg4 g6 24. Be2 f5 25. f3 Rd2 26. Re1 f4 27. Ng4 e3 28. Rb4 R8d4 29. Rxd4 Rxd4 30. Rb1 Na4 31. Rc1 a6 32. Kh2 c5 33. Ne5 c4 34. Bd1 Nb2 35. Be2 Rd5 36. Ng4 Rd2 37. Re1 Nd3 38. Bxd3 Rxd3 39. Kg1 Rxa3 40. Rc1 Rd3 41. Kf1 a5 42. Ne5 Rd2 43. Nxc4 bxc4 44. Rxc4 Ba6 0-1

[Event "GER-chT U14 Girls"]
[Site "Arendsee"]
[Date "2011.12.27"]
[Round "2.2"]
[White "Buerger, Jessica"]
[Black "Oltmanns, Bianca"]
[Result "1/2-1/2"]
[WhiteElo "1270"]
[BlackElo "1672"]
[PlyCount "57"]
[EventDate "2011.12.27"]
[EventType "team-swiss"]
[EventRounds "7"]
[EventCountry "GER"]
[SourceTitle "EXT 2022"]
[Source "ChessBase"]
[SourceDate "2021.10.06"]
[SourceVersion "1"]
[SourceVersionDate "2021.10.06"]
[SourceQuality "1"]
[WhiteTeam "Paderborn U14 Girls"]
[BlackTeam "Chemnitz USG U14 Girls"]
[WhiteTeamCountry "GER"]
[BlackTeamCountry "GER"]

1. e4 e6 2. d4 d5 3. exd5 exd5 4. Nf3 Bd6 5. Nc3 Ne7 6. h3 Nbc6 7. Bb5 Bd7 8. 0-0 a6 9. Ba4 0-0 10. Bb3 Be6 11. Be3 Qd7 12. Ng5 Nb8 13. Nxe6 Qxe6 14. Qf3 c6 15. Ne2 Qc8 16. Bf4 Qc7 17. Bxd6 Qxd6 18. c3 Nd7 19. Bc2 Nf6 20. Nf4 Rfe8 21. Rfe1 b6 22. Nh5 Nxh5 23. Qxh5 Ng6 24. Qg4 Re7 25. Re3 Rae8 26. Rae1 c5 27. Bxg6 hxg6 28. Rxe7 Rxe7 29. Rxe7 1/2-1/2

[Event "GER-chB U25"]
[Site "Oberhof"]
[Date "2011.06.14"]
[Round "4"]
[White "Werner, Justus"]
[Black "Oltmanns, Bianca"]
[Result "1-0"]
[WhiteElo "1344"]
[BlackElo "1645"]
[PlyCount "145"]
[EventDate "2011.06.11"]
[EventType "swiss"]
[EventRounds "9"]
[EventCountry "GER"]
[SourceTitle "CBM 142 Extra"]
[Source "ChessBase"]
[SourceDate "2011.06.27"]
[SourceVersion "1"]
[SourceVersionDate "2011.06.27"]
[SourceQuality "1"]

1. e4 e5 2. Nf3 Nf6 3. Nc3 Nc6 4. Bb5 Bb4 5. 0-0 0-0 6. d3 d6 7. Bg5 Bxc3 8. bxc3 Bg4 9. Bxc6 bxc6 10. d4 Re8 11. h3 Bh5 12. Re1 Qe7 13. Qd3 Qe6 14. Nd2 Bg6 15. f3 h6 16. Bxf6 Qxf6 17. Qc4 d5 18. exd5 cxd5 19. Qxd5 c6 20. Qc5 Bxc2 21. Rxe5 Rxe5 22. Qxe5 Qxe5 23. dxe5 Rd8 24. Nb3 Bg6 25. Kf2 Kf8 26. Ke1 Re8 27. f4 f6 28. Nc5 Re7 29. Rd1 Bf5 30. g4 Bg6 31. Rd8+ Re8 32. Rxe8+ Bxe8 33. e6 g6 34. f5 gxf5 35. gxf5 Bh5 36. Ne4 Ke7 37. Kd2 Bf3 38. Ng3 Bg2 39. h4 Bd5 40. a3 Bf3 41. Kd3 a5 42. Kc4 Kd6 43. Kd4 Bg2 44. Ne4+ Ke7 45. Nc5 Bh3 46. Ke4 Bg4 47. Nb7 a4 48. Nc5 Bd1 49. Kf4 h5 50. Nd3 Bc2 51. Nb4 Bb3 52. Nxc6+ Kd6 53. Nd4 Bc4 54. Ke4 Ke7 55. Ke3 Kd6 56. Ne2 Bb3 57. Ng3 Bd1 58. Kd4 Bf3 59. c4 Ke7 60. c5 Kf8 61. Kc4 Bc6 62. Nxh5 Ke7 63. Ng3 Kf8 64. Kb4 Kg7 65. Ka5 Kf8 66. Kb6 Be8 67. c6 Bxc6 68. Kxc6 Ke7 69. h5 Ke8 70. h6 Ke7 71. h7 Ke8 72. Kd6 Kd8 73. h8R# 1-0

[Event "GER-ch Net qual3 U14"]
[Site "Playchess.com INT"]
[Date "2011.05.08"]
[Round "3"]
[White "Haeusler, Luis"]
[Black "Oltmanns, Bianca"]
[Result "1/2-1/2"]
[WhiteElo "1309"]
[BlackElo "1494"]
[PlyCount "160"]
[EventDate "2011.05.08"]
[EventType "swiss (blitz)"]
[EventRounds "7"]
[EventCountry "GER"]
[SourceTitle "CBM 142 Extra"]
[Source "ChessBase"]
[SourceDate "2011.06.27"]
[SourceVersion "1"]
[SourceVersionDate "2011.06.27"]
[SourceQuality "1"]

1. e4 e5 2. f4 exf4 3. Nf3 d6 4. d4 Nc6 5. Bc4 Nf6 6. Nc3 Be7 7. Bxf4 0-0 8. 0-0 Bg4 9. Qe2 Qd7 10. Rad1 Rfe8 11. h3 Bh5 12. Qf2 Bg6 13. Nh4 Bxe4 14. Bg5 Bg6 15. Nxg6 hxg6 16. Bxf6 Bxf6 17. g4 g5 18. Rde1 Rxe1 19. Rxe1 Bxd4 20. Re3 Bxe3 21. Qxe3 Ne5 22. Bd5 c6 23. Be4 f6 24. Bf5 Qe7 25. Kg2 Re8 26. Qxa7 Nc4 27. Ne4 Ne3+ 28. Qxe3 d5 29. Nxf6+ gxf6 30. Qf3 Qe2+ 31. Kg3 Kf7 32. Bd7 Re7 33. Qxe2 Rxe2 34. Bf5 Re3+ 35. Kg2 Ke7 36. Kf2 Rxh3 37. b3 Rh1 38. a4 Ra1 39. Ke3 b5 40. axb5 cxb5 41. Kd4 Ke8 42. Kxd5 Ke7 43. Kc5 Rf1 44. Bd3 Rf4 45. Be2 Rf2 46. Bd1 Rd2 47. Bf3 Rxc2+ 48. Kxb5 Rf2 49. Be4 Rf4 50. Bc2 Rxg4 51. Kc5 Rf4 52. b4 Rf2 53. Bg6 Rf1 54. b5 Rc1+ 55. Kb6 Rc3 56. Kb7 g4 57. b6 g3 58. Be4 f5 59. Bc6 Rb3 60. Kc7 f4 61. b7 Rxb7+ 62. Kxb7 Ke6 63. Kb6 Kf5 64. Kc5 Kg4 65. Kd4 f3 66. Ke3 f2 67. Ke2 Kh3 68. Kf1 Kg4 69. Kg2 Kh4 70. Bd5 Kg4 71. Bc6 Kf4 72. Bd5 Ke5 73. Bc6 Kf4 74. Bb7 Ke3 75. Ba6 Kf4 76. Bb5 Kg4 77. Ba6 Kf4 78. Bb5 Kg4 79. Ba6 Kh4 80. Bb5 Kg4 1/2-1/2

[Event "GER-ch Net qual1 U14"]
[Site "Playchess.com INT"]
[Date "2011.05.01"]
[Round "5"]
[White "Bilchinski, Anton"]
[Black "Oltmanns, Bianca"]
[Result "1/2-1/2"]
[WhiteElo "1759"]
[BlackElo "1431"]
[PlyCount "102"]
[EventDate "2011.05.01"]
[EventType "swiss (blitz)"]
[EventRounds "7"]
[EventCountry "GER"]
[SourceTitle "CBM 142 Extra"]
[Source "ChessBase"]
[SourceDate "2011.06.27"]
[SourceVersion "1"]
[SourceVersionDate "2011.06.27"]
[SourceQuality "1"]

1. d4 f5 2. c4 Nf6 3. Nc3 e6 4. g3 Be7 5. Bg2 0-0 6. Nf3 Nc6 7. 0-0 d6 8. e3 Qe8 9. Nd2 e5 10. d5 Nd8 11. e4 fxe4 12. Ndxe4 Nxe4 13. Nxe4 Nf7 14. Qb3 Rb8 15. a4 Bf5 16. f4 Bxe4 17. Bxe4 exf4 18. Bxf4 Ng5 19. Bg2 Qh5 20. Bxg5 Qxg5 21. Rae1 Bf6 22. Bh3 Kh8 23. Qc2 Qh6 24. Bg2 Be5 25. b3 Bd4+ 26. Kh1 Be5 27. Qd3 Rf6 28. Be4 Rbf8 29. Rxf6 Rxf6 30. Rd1 Rf2 31. Bg2 Rf6 32. Rf1 Kg8 33. Rxf6 Qxf6 34. Bh3 Qh6 35. Be6+ Kh8 36. Qf1 Qf6 37. Qe2 g6 38. Kg2 Kg7 39. h4 h6 40. Qf3 Qxf3+ 41. Kxf3 Kf6 42. Kg4 c6 43. Bc8 cxd5 44. cxd5 b6 45. Bd7 Ke7 46. Be6 Kf6 47. Bc8 Ke7 48. h5 gxh5+ 49. Kxh5 Bxg3 50. Kxh6 Kf6 51. Be6 Be5 1/2-1/2

[Event "GER-ch Net qual1 U14"]
[Site "Playchess.com INT"]
[Date "2011.05.01"]
[Round "6"]
[White "Oltmanns, Bianca"]
[Black "Schuba, Leon"]
[Result "1-0"]
[WhiteElo "1431"]
[BlackElo "1345"]
[PlyCount "45"]
[EventDate "2011.05.01"]
[EventType "swiss (blitz)"]
[EventRounds "7"]
[EventCountry "GER"]
[SourceTitle "CBM 142 Extra"]
[Source "ChessBase"]
[SourceDate "2011.06.27"]
[SourceVersion "1"]
[SourceVersionDate "2011.06.27"]
[SourceQuality "1"]

1. e4 g6 2. Nf3 Bg7 3. d4 d6 4. Nc3 Nc6 5. Be3 Ne5 6. h3 Nc6 7. Bb5 a6 8. Bxc6+ bxc6 9. 0-0 Nf6 10. e5 Nd7 11. Bf4 d5 12. Re1 e6 13. Bg5 f6 14. exf6 Nxf6 15. Ne5 Qd6 16. Qf3 0-0 17. Bf4 Qb4 18. Nxc6 Qxb2 19. Qd3 Bd7 20. Rab1 Qa3 21. Rb3 Qxb3 22. Ne7+ Kh8 23. axb3 1-0

[Event "Sachsen-ch U14 Girls"]
[Site "Sebnitz"]
[Date "2011.04.26"]
[Round "1"]
[White "Oltmanns, Bianca"]
[Black "Hasse, Elisa"]
[Result "1-0"]
[WhiteElo "1412"]
[BlackElo "1017"]
[PlyCount "123"]
[EventDate "2011.04.26"]
[EventType "swiss"]
[EventRounds "7"]
[EventCountry "GER"]
[SourceTitle "EXT 2012"]
[Source "ChessBase"]
[SourceDate "2011.11.24"]
[SourceVersion "1"]
[SourceVersionDate "2011.11.24"]
[SourceQuality "1"]

1. e4 e6 2. d4 d5 3. exd5 exd5 4. Bd3 Bd6 5. Nf3 Nf6 6. Bg5 0-0 7. 0-0 h6 8. Be3 Ne4 9. Nbd2 Re8 10. c4 c6 11. Qc2 Bf5 12. Rfe1 Qf6 13. Rac1 Qg6 14. Nh4 Qh5 15. g3 Bb4 16. Be2 Nxd2 17. Bxh5 Bxc2 18. Bxd2 Rxe1+ 19. Bxe1 Bxe1 20. Rxe1 Nd7 21. cxd5 cxd5 22. Re7 g6 23. Bxg6 fxg6 24. Rxd7 Be4 25. Rxb7 Rc8 26. Kf1 Rc1+ 27. Ke2 Rc2+ 28. Ke3 g5 29. Nf3 Bxf3 30. Kxf3 Rd2 31. Ke3 Rc2 32. h3 h5 33. a3 a6 34. Rb6 g4 35. hxg4 hxg4 36. a4 Kf7 37. a5 Ke7 38. Rxa6 Rxb2 39. Rg6 Rb3+ 40. Kf4 Rb4 41. Ke5 Rb5 42. a6 Kd7 43. Rxg4 Ra5 44. a7 Kc6 45. Rg7 Ra4 46. f4 Ra5 47. g4 Kb6 48. g5 Kc6 49. Rf7 Kb6 50. g6 Ra6 51. Rf6+ Kxa7 52. Rxa6+ Kxa6 53. g7 Kb5 54. g8Q Kb4 55. Qxd5 Kc3 56. Ke4 Kb4 57. Qc5+ Kb3 58. Kd3 Kb2 59. Qc3+ Ka2 60. Qb4 Ka1 61. Kc2 Ka2 62. Qb2# 1-0

[Event "GER-chT U14 Girls"]
[Site "Gross Doelln"]
[Date "2010.12.30"]
[Round "7.1"]
[White "Wulf, Constanze"]
[Black "Oltmanns, Bianca"]
[Result "0-1"]
[WhiteElo "1238"]
[BlackElo "1475"]
[PlyCount "134"]
[EventDate "2010.12.27"]
[EventType "team-swiss"]
[EventRounds "7"]
[EventCountry "GER"]
[SourceTitle "CBM 140 Extra"]
[Source "ChessBase"]
[SourceDate "2011.03.01"]
[SourceVersion "1"]
[SourceVersionDate "2011.03.01"]
[SourceQuality "1"]
[WhiteTeam "Torgelow"]
[BlackTeam "Chemnitz USG"]
[WhiteTeamCountry "GER"]
[BlackTeamCountry "GER"]

1. d4 f5 2. g3 Nf6 3. Bg2 e6 4. Nf3 Be7 5. c4 0-0 6. 0-0 d6 7. Nc3 Nc6 8. Bf4 Qe8 9. Qc2 Bd8 10. e4 fxe4 11. Nxe4 e5 12. dxe5 Nxe5 13. Nxe5 dxe5 14. Bd2 Kh8 15. Qb3 c6 16. Bc3 Bc7 17. Rfe1 Ng4 18. h3 Nf6 19. Nd2 Qh5 20. h4 Qf5 21. Re2 Ng4 22. Rf1 Bb6 23. Ne4 Qg6 24. Be1 Nh6 25. Qc3 Bd4 26. Qd2 Bg4 27. Kh1 Bxe2 28. Qxe2 Qg4 29. Qc2 Nf5 30. b3 h6 31. Qd2 Rf7 32. Kg1 Raf8 33. Kh2 a6 34. a3 Rd7 35. Qc1 Nd6 36. Nxd6 Rxd6 37. Qc2 Rdf6 38. Qd2 Qf5 39. Kg1 c5 40. b4 R6f7 41. Bd5 Rd7 42. Qe2 Qh3 43. g4 Qxh4 44. Kg2 Qf6 45. Bf3 Re7 46. Be4 b6 47. bxc5 Bxc5 48. a4 Bd4 49. Bb4 Bc5 50. Bc3 Ref7 51. f3 Qd6 52. Bd5 Re7 53. Qd1 Bb4 54. Bb2 Qc5 55. Qc2 Qd6 56. Rf2 Rb8 57. Qd3 Rd7 58. Qe4 Re7 59. Qd3 Rf8 60. Re2 Bc5 61. Qe4 Rf4 62. Qc2 b5 63. cxb5 axb5 64. axb5 Re4 65. Qxe4 Qf6 66. Kg3 Bd6 67. Qc4 e4+ 0-1

[Event "GER-chT U14 Girls"]
[Site "Gross Doelln"]
[Date "2010.12.29"]
[Round "5.1"]
[White "Siegl, Melina"]
[Black "Oltmanns, Bianca"]
[Result "1/2-1/2"]
[WhiteElo "1483"]
[BlackElo "1475"]
[PlyCount "91"]
[EventDate "2010.12.27"]
[EventType "team-swiss"]
[EventRounds "7"]
[EventCountry "GER"]
[SourceTitle "CBM 140 Extra"]
[Source "ChessBase"]
[SourceDate "2011.03.01"]
[SourceVersion "1"]
[SourceVersionDate "2011.03.01"]
[SourceQuality "1"]
[WhiteTeam "Bechhofen"]
[BlackTeam "Chemnitz USG"]
[WhiteTeamCountry "GER"]
[BlackTeamCountry "GER"]

1. e4 e5 2. Nf3 Nf6 3. Nc3 Nc6 4. Bc4 Nxe4 5. Bxf7+ Kxf7 6. Nxe4 d5 7. Neg5+ Kg8 8. d3 h6 9. Nh3 Bg4 10. Nhg1 Bd6 11. h3 Bh5 12. a3 Qe7 13. Ne2 Bxf3 14. gxf3 Kh7 15. Ng3 Qf7 16. Bd2 Rhf8 17. 0-0 Qxf3 18. Qxf3 Rxf3 19. Kg2 Raf8 20. Be3 Kg8 21. Ne2 R3f6 22. h4 a6 23. c3 Ne7 24. Bd2 Ng6 25. h5 Ne7 26. Ng3 Kh7 27. f3 Nf5 28. Kh3 Nxg3 29. Kxg3 e4+ 30. f4 exd3 31. Rf3 Rf5 32. Kg4 c5 33. b4 c4 34. Re1 R8f6 35. Re8 Rf7 36. Rd8 R5f6 37. f5 Rf8 38. Rd7 R8f7 39. Rd8 Rf8 40. Rxf8 Bxf8 41. Kf4 Bd6+ 42. Ke3 Be5 43. a4 b6 44. b5 axb5 45. axb5 Kg8 46. Rf1 1/2-1/2

[Event "GER-ch U25"]
[Site "Oberhof"]
[Date "2010.05.29"]
[Round "9"]
[White "Oltmanns, Bianca"]
[Black "Kirn, Philipp Sebastian"]
[Result "1-0"]
[WhiteElo "1402"]
[BlackElo "1099"]
[PlyCount "83"]
[EventDate "2010.05.22"]
[EventType "swiss"]
[EventRounds "9"]
[EventCountry "GER"]
[SourceTitle "CBM 136 Extra"]
[Source "ChessBase"]
[SourceDate "2010.07.02"]
[SourceVersion "2"]
[SourceVersionDate "2010.07.15"]
[SourceQuality "1"]

1. e4 d5 2. exd5 Nf6 3. Bb5+ Bd7 4. Bc4 Bg4 5. f3 Bc8 6. Nc3 c6 7. dxc6 Nxc6 8. d3 e5 9. Bg5 Be7 10. Qd2 Na5 11. Bb5+ Bd7 12. Bxd7+ Qxd7 13. 0-0-0 h6 14. Bh4 Nc6 15. Nge2 Nd5 16. Bg3 Qe6 17. Kb1 Ncb4 18. Nxd5 Nxd5 19. Rhe1 0-0 20. Nc1 Bg5 21. Qf2 Bf4 22. c4 Be3 23. Rxe3 Nxe3 24. Qxe3 f6 25. f4 Rfe8 26. Re1 Qc6 27. fxe5 fxe5 28. Re2 e4 29. Nb3 exd3 30. Qxd3 Rad8 31. Rxe8+ Qxe8 32. Qf3 Qf7 33. Qxf7+ Kxf7 34. Kc2 Rc8 35. Kc3 b5 36. c5 Ke6 37. Kd4 Rd8+ 38. Ke4 Rc8 39. Nd4+ Kd7 40. c6+ Ke8 41. c7 a6 42. Nc6 1-0

[Event "GER-ch U25"]
[Site "Oberhof"]
[Date "2010.05.25"]
[Round "5"]
[White "Oltmanns, Bianca"]
[Black "Senf, Paul"]
[Result "1-0"]
[WhiteElo "1402"]
[BlackElo "1593"]
[PlyCount "103"]
[EventDate "2010.05.22"]
[EventType "swiss"]
[EventRounds "9"]
[EventCountry "GER"]
[SourceTitle "CBM 136 Extra"]
[Source "ChessBase"]
[SourceDate "2010.07.02"]
[SourceVersion "2"]
[SourceVersionDate "2010.07.15"]
[SourceQuality "1"]

1. e4 c6 2. d4 d5 3. exd5 cxd5 4. Bd3 Nc6 5. c3 g6 6. Bf4 Bg7 7. Nf3 Nf6 8. 0-0 0-0 9. Re1 Re8 10. Nbd2 Bd7 11. Ne5 a6 12. Qb3 b5 13. Ndf3 e6 14. Qc2 Rc8 15. Qd2 Na5 16. b3 Nc6 17. h3 Qb6 18. Bg5 Nxe5 19. Nxe5 Qd8 20. Ng4 h5 21. Ne5 Rc7 22. Rac1 Bc6 23. Qf4 Qe7 24. Re3 Qa3 25. Rc2 Nh7 26. Nxg6 Ra7 27. Ne5 Ba8 28. Bh6 f5 29. Be2 Nf6 30. Bxg7 Rxg7 31. Qh6 Qe7 32. Ng6 Qc7 33. Qh8+ Kf7 34. Ne5+ Qxe5 35. Qxe8+ Nxe8 36. Bxh5+ Kf6 37. Rxe5 Nd6 38. Re3 Ne4 39. Bd1 Rc7 40. f3 Nd6 41. Rce2 Re7 42. Bc2 f4 43. Rd3 Nf5 44. Kh1 Bc6 45. Rdd2 a5 46. Bxf5 Kxf5 47. Rc2 Be8 48. c4 bxc4 49. bxc4 dxc4 50. Rxc4 Kf6 51. Rc5 a4 52. Re4 1-0